000 00298nam a22001337a 4500
008 190223b xxu||||| |||| 00| 0 eng d
020 _a9780132239387
041 _aeng
080 _a610
100 _a4
101 _aSHM
245 _aPatient-Focused Assessment
_cMansen, Th. J
942 _2udc
_cBK
999 _c54149
_d54149